LEADER 01695nam a2200361 i 4500 001 000000338252 003 CaOOAMICUS 005 20220404100847.0 008 191129s2019 be u000 u mul u 013 $a234282 020 $a978-2-503-58544-4 040 $aSeMil$bita 041 1 $achu$aita 100 0 $aAthanasius : Alexandrinus,$c.$0(OLS)http://semarc/name/9874 240 10$aOrationes contra Arianos.$0(OLS)http://semarc/title/183536 245 10$aOratio 2. contra Arianos /$cAthanasius of Alexandria : the old Slavonic text and English translation by Viacheslav V. Lytvynenko. 264 1$aTurnhout :$bBrepols,$c2019. 300 $aP. 354-750 ;$c27 cm. 490 1 $aPatrologia orientalis ;$vTome 56., fasc. 3, n° 248 500 $aRilegato con i fascicoli del Tome 56 in un unico volume 504 $aBibliography, p. [415]-419 546 $aTesto in slavo antico, traduzione e introduzione in inglese 650 4$aAtanasio : Alessandrino . Orationes contra Arianos.$0(OLS)http://semarc/subject/35894 700 1 $aLytvynenko, Viacheslav V.$0(OLS)http://semarc/name/110581 830 0$aPatrologia orientalis ;$vTome 56., fasc. 3, n° 248.$0(OLS)http://semarc/title/11167 850 $aSeMil 852 $aSeMil$W1$xVenegono$y1$mSL2.C III 26/3$j217398$B229513$CSeMilBibl$Z2$F229513 $8I 900 0 $aAtanasio : di Alessandria. 996 $6020$a978-2-503-58544-4$9(OLS)http://semarc/number/289310 996 $6245$aOratio 2. contra Arianos$9(OLS)http://semarc/title/427096 996 $6264$aTurnhout :$bBrepols$9(OLS)http://semarc/publisher/29626 LEADER 01826nam a2200361 i 4500 001 000000128051 003 CaOOAMICUS 005 20080326000000.0 008 080326s2004 be u000 u mul u 013 $a100768 020 $a2-503-40521-5 040 $aSeMil$bita 100 0 $aGregorius : Nazianzenus,$c.$0(OLS)http://semarc/name/1178 240 00$aOrationes.$0(OLS)http://semarc/title/47859 245 10$aVersio iberica. 4, Oratio 43. /$cedita a Bernard Coulie et Helene Metreveli et Ketevan Bezarachvili ... [et al.]. 260 $aTurnhout :$bBrepols,$c2004. 260 $aLeuven :$bUniversity Press,$c2004. 300 $aIX, 385 p. ;$c25 cm. 490 0 $aCorpus Christianorum. Series Graeca ;$v52 490 0 $aCorpus Nazianzenum ;$v17 700 1 $aBezarachvili, Ketevan.$0(OLS)http://semarc/name/32705 700 1 $aMetreveli, Hélène <1917-2003>.$0(OLS)http://semarc/name/90829 700 1 $aCoulie, Bernard,$d<1959- >.$0(OLS)http://semarc/name/3679 773 0 $aGregorius : Nazianzenus, $tSancti Gregorii Nazianzeni Opera.$dLeuven : University Press ; Turnhout : Brepols, 1994-$kCorpus Nazianzenum$kCorpus Christianorum. Series Graeca$w()1325 830 0$aCorpus Christianorum. Series Graeca ;$v52.$0(OLS)http://semarc/title/36 830 0$aCorpus Nazianzenum ;$v17.$0(OLS)http://semarc/title/5718 850 $aSeMil 852 $aSeMil$W1$xVenegono$y1$mSL2.K I 52$j82285$B82285$CSeMilBibl$Z2$F84782 $8I 961 $aSottoscrizione: Brepols 996 $6020$a2-503-40521-5$9(OLS)http://semarc/number/114589 996 $6245$aVersio iberica. 4, Oratio 43.$9(OLS)http://semarc/title/189153 996 $6260$aLeuven :$bUniversity Press$9(OLS)http://semarc/publisher/30124 996 $6260$aTurnhout :$bBrepols$9(OLS)http://semarc/publisher/29626